Two Countries with the Most Speakers of Each Language - Statistics

General Stats
  • This quiz has been taken 231 times
  • The average score is 26 of 28
Answer Stats
Country % Correct
Israel
99%
North Korea
99%
South Korea
99%
Italy
98%
United States
98%
Brazil
97%
France
97%
Mexico
97%
Russia
97%
China
96%
Spain
96%
United Kingdom
96%
Bangladesh
95%
India
95%
Iran
95%
Netherlands
95%
Ukraine
95%
Colombia
93%
Turkey
93%
Egypt
92%
Switzerland
91%
Belgium
89%
Taiwan
88%
Algeria
86%
Sri Lanka
86%
Angola
80%
Afghanistan
78%
DR Congo
75%
No matching quizzes found
Score Distribution
Percent of People with Each Score
Percentile by Number Answered
Your Score History
You have not taken this quiz